000 00794nas a2200277 4500
001 BR9904201
003 BR-BrBNA
005 20231205101540.0
007 ta
008 230509b bl.|||p| |||| 00| 00por d
040 _aBR-BrBNA
_bpor
_cBiblioteca Nacional de Agricultura
041 _a(Pt)
072 _aF60
100 1 _aMatos, A.T.
100 1 _aCorrea, P.C.
100 1 _aFinger, F.L.
245 1 _aHigroscopia das folhas e peliculas externas de bulbos da cebola (Allium cepa L.)
650 _aCebola
650 _aBulbo
650 _aHigroscopia
650 _aRelacao Agua-Planta
650 _aFolha
773 0 _tEngenharia Agricola (Brazil)
_xISSN 0100-6916
_g(Dec 1998), v. 18(2) p. 81-91
_wBR9904201
909 _a202311
_bLúcia
_c55
_dLúcia Elande
942 _2AGRIS
_n0
_cANA
999 _c162459
_d162459